| 000 | 00000nas 2200000zi 4500 |
| 001 | 9.888983 |
| 003 | CaOODSP |
| 005 | 20221107172141 |
| 006 | m o d f |
| 007 | cr ||||||||||| |
| 008 | 200707d19962000onc x m o||||f| |0eng|d |
| 040 | |aCaOODSP|beng|erda|cCaOODSP |
| 043 | |an-cn--- |
| 086 | 1 |aC21-29E-PDF |
| 130 | 0 |aTechnology roadmap. |
| 245 | 10|aTechnology roadmap. |
| 264 | 1|a[Ottawa] : |bIndustry Canada, |c1996-2000. |
| 310 | |aIrregular |
| 336 | |atext|btxt|2rdacontent |
| 337 | |acomputer|bc|2rdamedia |
| 338 | |aonline resource|bcr|2rdacarrier |
| 500 | |aIssued also in French under title: Carte routière technologique. |
| 500 | |aDigitized edition from print [produced by Innovation, Science and Economic Development Canada]. |
| 530 | |aIssued also in print. |
| 650 | 0|aTechnological forecasting|zCanada. |
| 710 | 1 |aCanada. |bIndustry Canada. |
| 775 | 08|tCarte routière technologique.|w(CaOODSP)9.888991 |
| 776 | 0#|tTechnology road map |w(CaOODSP)9.514440 |